000 00637nam a2200241Ia 4500
003 OSt
005 20221007101248.0
006 a|||||r|||| 00| 0
007 ta
008 221006b |||||||| |||| 00| 0 eng d
024 _a6,130
037 _cTextual
040 _aLCO
_cLCO
_beng
041 _2eng
_aeng
082 _aX:51:5.1, L3
100 _aDUTTA AMITA
_9247156
245 0 _aInternational Migration, Trade & Real Income.
260 _aCalcutta
_bWorld press Ltd.
_c1973
300 _a171
650 _aINCOME LAW
_9702773
942 _hX:51:5.1, L3
_cTEXL
999 _c1175693
_d1175693